Statistics for Things That Are Carcinogenic

Click here to take the quiz!

General Stats

  • This quiz has been taken 40 times
  • The average score is 6 of 17

Answer Stats

HintAnswer% Correct
Used to be very wide-spread form of relaxationSmoking
78%
A very popular chocolate-nut spreadNutella
75%
Something adults drink this a lot and yet it is a drugAlcohol (Alchoholic Beverages)
66%
Used to be used as a home insulatorAsbestos
59%
An excess of something about your bodyOverweightness
56%
Comes out of trucks from the rearDiesel Engine Exhaust
41%
Soft metal used by the Romans in pipesLead
41%
You didn't do ^ , but you breathed in...Second-Hand Smoke
41%
A special kind of lightUltraviolet Light
34%
Can come from special objects or from outerspaceIonizing Radiation
28%
Poisonous element (#33)Arsenic
25%
Radioactive gas found mostly in basementsRadon
22%
Compounds of a metal used in things from plating to currencyNickel and its Compounds
9%
A chemical found in many different detergents, paints, rubber, and adhesivesBenzene
3%
A way of cooking meats.Meats cooked at High Temperatures
3%
Is a leading cause of breast cancerPersistently High Blood Levels of Estrogen
3%
Metal found in lightweight alloys, missle parts and fuels, and nuclear reactorsBeryllium
0%

Score Distribution

Percentile by Number Answered

Percent of People with Each Score

Your Score History

You have not taken this quiz